[Event "Mercredi 2021.10.06 ABCD"]
[Site "Montreal CAN"]
[Date "2021.10.06"]
[Round "1"]
[White "Jacquet, Stephane"]
[Black "Adam, Rafael"]
[Result "1-0"]
[WhiteElo "1994"]
[BlackElo "1947"]
[PlyCount "65"]
[EventDate "2021.10.06"]
[EventType "tourn"]
[EventRounds "5"]
[EventCountry "CAN"]

1. d4 Nf6 2. c4 e6 3. Nf3 Bb4+ 4. Nbd2 d5 5. Qa4+ Nc6 6. a3 Bd6 7. e3 O-O 8. b4
dxc4 9. Nxc4 a6 10. Qc2 Re8 11. Bb2 Bf8 12. Be2 b6 13. O-O Bb7 14. Rac1 Rc8 15.
Rfd1 Qe7 16. Bd3 g6 17. Qe2 Red8 18. Nce5 Nb8 19. Ng5 Bg7 20. Ngxf7 Rf8 21. Ng5
Bh6 22. Ngf3 Ne4 23. Bc4 Rcd8 24. Rc2 c5 25. bxc5 bxc5 26. Rdc1 cxd4 27. Bxd4
Rc8 28. Bd3 Rxc2 29. Rxc2 Qxa3 30. Rc7 Bd5 31. Ng4 Bg5 32. Nxg5 Nxg5 33. Nh6#
1-0

[Event "Mercredi 2021.10.06 ABCD"]
[Site "Montreal CAN"]
[Date "2021.10.06"]
[Round "1"]
[White "Johnson-Constantin, Mathieu"]
[Black "Rodrigue-Lemieux, Shawn"]
[Result "0-1"]
[WhiteElo "2072"]
[BlackElo "2398"]
[PlyCount "82"]
[EventDate "2021.10.06"]
[EventType "tourn"]
[EventRounds "5"]
[EventCountry "CAN"]

1. e4 c6 2. d4 d5 3. f3 e6 4. Nc3 Bb4 5. Bf4 Ne7 6. h4 c5 7. Nge2 Nbc6 8. a3
Bxc3+ 9. bxc3 cxd4 10. cxd4 dxe4 11. fxe4 e5 12. d5 exf4 13. dxc6 Qa5+ 14. Qd2
Qxd2+ 15. Kxd2 Nxc6 16. Nxf4 O-O 17. h5 h6 18. Bc4 Bg4 19. Bd5 Rad8 20. Ke3
Rfe8 21. Rab1 Ne7 22. Kd4 b6 23. c4 Kh7 24. Rbe1 Nc6+ 25. Kc3 Ne5 26. Rh4 Bc8
27. Nd3 f6 28. Re3 Ba6 29. Nb4 Bxc4 30. Bxc4 Rc8 31. Nd5 Nxc4 32. Rg3 Nxa3+ 33.
Kb4 Nc2+ 34. Kb5 Rc5+ 35. Ka6 Ra5+ 36. Kb7 Nd4 37. Rhg4 Ne6 38. Rxg7+ Nxg7 39.
Nxf6+ Kh8 40. Rg6 Re7+ 41. Kb8 Rxh5 0-1

[Event "Mercredi 2021.10.06 ABCD"]
[Site "Montreal CAN"]
[Date "2021.10.06"]
[Round "1"]
[White "Kozlov, Guennadi"]
[Black "Jean, Robert"]
[Result "1-0"]
[WhiteElo "1873"]
[BlackElo "1801"]
[PlyCount "49"]
[EventDate "2021.10.06"]
[EventType "tourn"]
[EventRounds "5"]
[EventCountry "CAN"]

1. e4 c5 2. Nf3 Nc6 3. d4 cxd4 4. c3 Nf6 5. e5 Nd5 6. cxd4 d6 7. Bc4 dxe5 8.
Nxe5 Nxe5 9. dxe5 Nb6 10. Qxd8+ Kxd8 11. Bxf7 e6 12. Bh5 Nc4 13. f4 Bb4+ 14.
Nc3 Bc5 15. Ke2 Ke7 16. b3 Na5 17. Ne4 Bb6 18. Ba3+ Kd7 19. Rhd1+ Kc6 20. Rac1+
Kb5 21. Ke1 Nc6 22. Be2+ Ka5 23. Rc4 Be3 24. Bd6 Bd7 25. Bc7+ 1-0

[Event "Mercredi 2021.10.06 ABCD"]
[Site "Montreal CAN"]
[Date "2021.10.06"]
[Round "1"]
[White "Lima-Barbosa, Raphael"]
[Black "Kyres, Andrew"]
[Result "1-0"]
[WhiteElo "1703"]
[BlackElo "1620"]
[PlyCount "55"]
[EventDate "2021.10.06"]
[EventType "tourn"]
[EventRounds "5"]
[EventCountry "CAN"]

1. e4 e5 2. Nf3 Nc6 3. Bb5 f5 4. Bxc6 bxc6 5. Nxe5 Qe7 6. d4 d6 7. Nxc6 Qxe4+
8. Qe2 Qxe2+ 9. Kxe2 Kd7 10. Na5 Ba6+ 11. c4 Re8+ 12. Kd3 g6 13. Nc3 Bg7 14.
Bd2 c6 15. b4 Nf6 16. f3 d5 17. Rhe1 dxc4+ 18. Nxc4 Nd5 19. Na4 Bxc4+ 20. Kxc4
Nb6+ 21. Nxb6+ axb6 22. a4 Rxe1 23. Rxe1 b5+ 24. axb5 cxb5+ 25. Kxb5 Bxd4 26.
Bg5 Kd6 27. Rd1 Ke5 28. Rxd4 1-0

[Event "Mercredi 2021.10.06 ABCD"]
[Site "Montreal CAN"]
[Date "2021.10.06"]
[Round "1"]
[White "Mok, Yuen Tak"]
[Black "Kapush, Oleksandr"]
[Result "1/2-1/2"]
[WhiteElo "2043"]
[BlackElo "2092"]
[PlyCount "104"]
[EventDate "2021.10.06"]
[EventType "tourn"]
[EventRounds "5"]
[EventCountry "CAN"]

1. e4 c5 2. b3 d5 3. exd5 Qxd5 4. Nc3 Qd8 5. g3 Bd7 6. Bg2 Bc6 7. Nf3 Nf6 8.
O-O e6 9. Bb2 Be7 10. Qe2 O-O 11. Rad1 Qc7 12. d3 Nbd7 13. Rfe1 Rfe8 14. Nd2
Bxg2 15. Kxg2 b5 16. Nce4 Rac8 17. c4 a6 18. Rc1 Red8 19. d4 Qc6 20. f3 cxd4
21. Bxd4 Qb7 22. Bb2 Nxe4 23. Nxe4 bxc4 24. Rxc4 Nb6 25. Rxc8 Rxc8 26. Rc1 Nd5
27. Rxc8+ Qxc8 28. Bd4 h6 29. Bf2 Qc6 30. Qb2 f5 31. Nd2 Bf6 32. Qb1 Nc3 33.
Qc2 Qd5 34. Nc4 g5 35. h3 h5 36. Ne3 Qa5 37. a4 Qe5 38. Qd3 Qb8 39. Qc4 Qe5 40.
Qxa6 g4 41. Qa8+ Kg7 42. hxg4 hxg4 43. Qb7+ Kg6 44. Nc4 Qe2 45. Nd6 gxf3+ 46.
Qxf3 Qd2 47. Nc4 Qc2 48. Ne3 Qxb3 49. g4 f4 50. Qxf4 Qxa4 51. Qxa4 Nxa4 52. Kf3
Nc3 1/2-1/2

[Event "Mercredi 2021.10.06 ABCD"]
[Site "Montreal CAN"]
[Date "2021.10.13"]
[Round "2"]
[White "Allaire, Denis"]
[Black "Gauthier, Luc"]
[Result "1/2-1/2"]
[WhiteElo "1637"]
[BlackElo "1668"]
[PlyCount "93"]
[EventDate "2021.10.06"]
[EventType "tourn"]
[EventRounds "5"]
[EventCountry "CAN"]

1. e4 Nf6 2. e5 Nd5 3. Qf3 e6 4. Nc3 Nxc3 5. dxc3 Nc6 6. Qg3 g6 7. Nf3 d6 8.
Bg5 Be7 9. O-O-O d5 10. Bh6 Bf8 11. Be3 Bg7 12. h4 Ne7 13. Bg5 Nf5 14. Qh3 f6
15. Bf4 Bh6 16. Bxh6 Nxh6 17. h5 g5 18. Qg3 g4 19. Nd4 f5 20. f4 c6 21. c4 a6
22. cxd5 cxd5 23. Qa3 Qe7 24. Qa5 Qd8 25. Qc5 Nf7 26. Rd3 Bd7 27. Ra3 Rc8 28.
Qa7 Qc7 29. Rb3 Nd8 30. Bd3 Qb8 31. Qb6 Qc7 32. Qa7 Qc5 33. Qxc5 Rxc5 34. Rb6
Ke7 35. b4 Rc8 36. Kb2 Nc6 37. Nxc6+ Bxc6 38. b5 axb5 39. Bxb5 Rc7 40. Bxc6
bxc6 41. a4 Ra8 42. Ra1 Kd7 43. Kb3 c5 44. a5 Rc6 45. Rb7+ Rc7 46. Rb6 Rc6 47.
Rb7+ 1/2-1/2

[Event "Mercredi 2021.10.06 ABCD"]
[Site "Montreal CAN"]
[Date "2021.10.13"]
[Round "2"]
[White "Barko, Maxim"]
[Black "Kozlov, Guennadi"]
[Result "1-0"]
[WhiteElo "1879"]
[BlackElo "1873"]
[PlyCount "57"]
[EventDate "2021.10.06"]
[EventType "tourn"]
[EventRounds "5"]
[EventCountry "CAN"]

1. e4 e6 2. d3 d5 3. Nd2 Nf6 4. Ngf3 dxe4 5. dxe4 Bc5 6. Bc4 O-O 7. O-O Nc6 8.
c3 e5 9. Qe2 Qe7 10. h3 h6 11. Rd1 Rd8 12. Bb5 Bd7 13. b4 Bd6 14. Nf1 a6 15.
Bd3 Na7 16. Ne3 c5 17. Nc4 Bc7 18. bxc5 Bc6 19. a4 Nxe4 20. Bb2 f5 21. Nb6 Rab8
22. Bc4+ Kh8 23. Nd5 Bxd5 24. Bxd5 Nf6 25. Nh4 Rxd5 26. Ng6+ Kh7 27. Nxe7 Rxd1+
28. Rxd1 g6 29. Nd5 1-0

[Event "Mercredi 2021.10.06 ABCD"]
[Site "Montreal CAN"]
[Date "2021.10.13"]
[Round "2"]
[White "Cardin, Guillaume"]
[Black "Boudreau, Daniel"]
[Result "0-1"]
[WhiteElo "2037"]
[BlackElo "2000"]
[PlyCount "150"]
[EventDate "2021.10.06"]
[EventType "tourn"]
[EventRounds "5"]
[EventCountry "CAN"]

1. e4 c5 2. Nf3 e6 3. c3 Nf6 4. e5 Nd5 5. Bc4 Nb6 6. Bb3 d5 7. exd6 Bxd6 8. d4
O-O 9. O-O N8d7 10. Re1 Nf6 11. Bg5 h6 12. Bh4 Nbd7 13. Nbd2 Be7 14. Ne5 Nd5
15. Bxe7 Nxe7 16. Nxf7 Rxf7 17. Bxe6 Nf6 18. Bxf7+ Kxf7 19. Qb3+ Kf8 20. Nf3
cxd4 21. Ne5 Qd5 22. Qb4 Bf5 23. Rad1 Re8 24. Rxd4 Qxa2 25. b3 Qa6 26. Rd6 b6
27. Nc6 Qb7 28. Rxe7 Rxe7 29. Rd8+ Ne8 30. Qxe7+ Qxe7 31. Nxe7 Kxe7 32. Ra8 Nc7
33. Rxa7 Kd6 34. f4 g6 35. g3 Nb5 36. Ra6 Kc6 37. c4 Nc7 38. Ra7 Ne6 39. b4 Bd3
40. b5+ Kc5 41. Rh7 h5 42. Rb7 Bxc4 43. f5 gxf5 44. Rh7 Be2 45. Rf7 Nd4 46. Kf2
Bxb5 47. Rh7 Be2 48. Ke3 Bg4 49. Rc7+ Nc6 50. Kd3 b5 51. Kc3 b4+ 52. Kb3 Bd1+
53. Kb2 Kb6 54. Rf7 Bg4 55. Kb3 Kc5 56. Rc7 Bf3 57. Rc8 Bd5+ 58. Kb2 Kc4 59.
Rh8 Bf3 60. Rc8 Kd3 61. Re8 Nd4 62. Re7 Bd1 63. Re8 Bg4 64. Rb8 Ke3 65. Rxb4
Nf3 66. Kc2 Nxh2 67. Rf4 Nf3 68. Rc4 Kf2 69. Rc3 Kxg3 70. Kd3 h4 71. Ke2 Kg2
72. Ke3 h3 73. Kf4 h2 74. Rc2+ Kh3 75. Rc1 Ng1 0-1

[Event "Mercredi 2021.10.06 ABCD"]
[Site "Montreal CAN"]
[Date "2021.10.13"]
[Round "2"]
[White "Gadbois, Patrick"]
[Black "Adam, Rafael"]
[Result "1/2-1/2"]
[WhiteElo "1901"]
[BlackElo "1947"]
[PlyCount "150"]
[EventDate "2021.10.06"]
[EventType "tourn"]
[EventRounds "5"]
[EventCountry "CAN"]

1. d4 Nf6 2. Nf3 e6 3. Bf4 c5 4. e3 b6 5. Bd3 Bb7 6. Nbd2 d6 7. c3 Be7 8. O-O
Nh5 9. dxc5 bxc5 10. Qb3 Bc6 11. Bb5 Nxf4 12. Bxc6+ Nxc6 13. exf4 O-O 14. Rad1
Qc7 15. Qc2 d5 16. g3 Bf6 17. b3 Qa5 18. Rc1 Rab8 19. Rfe1 Qc7 20. Nf1 g6 21.
Ne3 h5 22. Ng2 Rfc8 23. Rcd1 a5 24. f5 gxf5 25. Nf4 Ne5 26. Nxe5 Bxe5 27. Nxd5
exd5 28. Rxd5 Re8 29. Qxf5 Bxc3 30. Rxe8+ Rxe8 31. Rxc5 Qb7 32. Qg5+ Kf8 33.
Qh6+ Bg7 34. Qd6+ Kg8 35. Qd1 Qb4 36. Rc1 h4 37. Qd7 Re1+ 38. Rxe1 Qxe1+ 39.
Kg2 Qe4+ 40. Kh3 hxg3 41. hxg3 f5 42. Qc8+ Kh7 43. Qc1 Kg6 44. Qd1 Bf6 45. f3
Qe8 46. Kg2 Qb5 47. Qc2 Kg5 48. Qd2+ Kh5 49. Qc2 Bg5 50. Qd1 Be3 51. f4+ Kg6
52. Qd6+ Kf7 53. Qc7+ Ke6 54. Qc8+ Qd7 55. Qg8+ Kd6 56. Qc4 Qc6+ 57. Qxc6+ Kxc6
58. Kf3 Bc5 59. g4 fxg4+ 60. Kxg4 Kd5 61. Kf3 Kd4 62. f5 Kd3 63. f6 Bd6 64. Kf2
Bf8 65. Kf3 Kd4 66. f7 Kc3 67. Ke4 Kb4 68. Kd4 Bg7+ 69. Kd5 Kb5 70. Ke4 Bf8 71.
Kd4 Kb4 72. Kd5 Bc5 73. a3+ Kb5 74. b4 Bf8 75. bxa5 Bxa3 1/2-1/2

[Event "Mercredi 2021.10.06 ABCD"]
[Site "Montreal CAN"]
[Date "2021.10.13"]
[Round "2"]
[White "Guipi Bopala, Prince Eric jr"]
[Black "Jacquet, Stephane"]
[Result "1-0"]
[WhiteElo "1932"]
[BlackElo "1994"]
[PlyCount "125"]
[EventDate "2021.10.06"]
[EventType "tourn"]
[EventRounds "5"]
[EventCountry "CAN"]

1. d4 d6 2. c4 g6 3. Nf3 Nf6 4. Nc3 Bg7 5. e4 O-O 6. Be2 e5 7. d5 Nbd7 8. Be3
Ng4 9. Bg5 f6 10. Bd2 Nh6 11. h4 Nf7 12. h5 g5 13. Be3 a5 14. a3 Nc5 15. b4
axb4 16. axb4 Rxa1 17. Qxa1 Na6 18. Qb1 Qe7 19. O-O h6 20. Rc1 Nd8 21. Nd2 f5
22. exf5 Bxf5 23. Qb3 Kh8 24. Na4 g4 25. c5 Qf7 26. b5 Nxc5 27. Nxc5 dxc5 28.
Bxc5 Re8 29. b6 c6 30. dxc6 Qxb3 31. Nxb3 Nxc6 32. Bb5 Rc8 33. Bxc6 Rxc6 34.
Na5 Rc8 35. Nxb7 Bf8 36. Be3 Rxc1+ 37. Bxc1 Be4 38. Na5 Kg7 39. b7 Bd6 40. Kf1
Bc7 41. Bd2 Bd5 42. Be3 Bb8 43. g3 Bf7 44. Nc6 Bc7 45. b8=Q Bxb8 46. Nxb8 Bxh5
47. Nd7 e4 48. Nc5 Bg6 49. Ke2 h5 50. Kd2 Kf6 51. Bf4 Kf5 52. Ke3 Be8 53. Nxe4
Bc6 54. Nd6+ Ke6 55. Kd4 Ba8 56. Ne8 Kf5 57. Ng7+ Kg6 58. Be5 Kg5 59. Ne6+ Kf5
60. Nf4 Kg5 61. Kc5 h4 62. gxh4+ Kxh4 63. Bf6# 1-0

[Event "Mercredi 2021.10.06 ABCD"]
[Site "Montreal CAN"]
[Date "2021.10.13"]
[Round "2"]
[White "Jean, Robert"]
[Black "Beaulieu, Pierre"]
[Result "1/2-1/2"]
[WhiteElo "1801"]
[BlackElo "1870"]
[PlyCount "110"]
[EventDate "2021.10.06"]
[EventType "tourn"]
[EventRounds "5"]
[EventCountry "CAN"]

1. d4 Nf6 2. c4 c5 3. d5 b5 4. cxb5 a6 5. bxa6 g6 6. Nc3 Bxa6 7. e4 Bxf1 8.
Kxf1 d6 9. g3 Bg7 10. Kg2 Nbd7 11. Qe2 O-O 12. Nf3 Qc7 13. Nd2 Rfb8 14. Re1 Nb6
15. Nc4 Nxc4 16. Qxc4 Rb4 17. Qd3 Nd7 18. Qc2 Rab8 19. Rb1 Ne5 20. b3 c4 21.
Ne2 Nd3 22. Rd1 Qb7 23. Be3 cxb3 24. axb3 Nc5 25. Nd4 Bxd4 26. Bxd4 Rxb3 27.
Rxb3 Qxb3 28. Qxb3 Rxb3 29. Rc1 Rb5 30. h4 f6 31. Bxc5 Rxc5 32. Rxc5 dxc5 33.
Kf3 Kf7 34. Ke3 e6 35. dxe6+ Kxe6 36. f4 h6 37. Kd3 f5 38. e5 Kd5 39. Kc3 h5
40. Kd3 c4+ 41. Kc2 Kc6 42. Kd2 Kd5 43. Kd1 Ke6 44. Ke2 Kd5 45. Ke3 Kc5 46. Kd2
Kd5 47. Kc2 Kc6 48. Kc3 Kc5 49. e6 Kd6 50. Kxc4 Kxe6 51. Kc5 Kd7 52. Kd5 Ke7
53. Ke5 Kf7 54. Kd6 Kf6 55. Kd7 Kf7 1/2-1/2

[Event "Mercredi 2021.10.06 ABCD"]
[Site "Montreal CAN"]
[Date "2021.10.13"]
[Round "2"]
[White "Johnson-Constantin, Mathieu"]
[Black "Mok, Yuen Tak"]
[Result "1-0"]
[WhiteElo "2072"]
[BlackElo "2043"]
[PlyCount "137"]
[EventDate "2021.10.06"]
[EventType "tourn"]
[EventRounds "5"]
[EventCountry "CAN"]

1. e4 c6 2. d4 d5 3. f3 dxe4 4. fxe4 e5 5. Nf3 Bg4 6. Bc4 Nd7 7. c3 Bd6 8. O-O
Ngf6 9. Qe1 Qe7 10. Bd3 O-O 11. Kh1 Rfe8 12. Bg5 h6 13. Bh4 Bxf3 14. gxf3 g5
15. Rg1 Kh8 16. Qe3 exd4 17. cxd4 Bf4 18. Qf2 gxh4 19. Qxh4 Nd5 20. Qh5 Rg8 21.
Nc3 Nxc3 22. bxc3 Qe6 23. e5 Be3 24. Bf5 Qe7 25. f4 Bxf4 26. Rgf1 Bg5 27. h4
Nb6 28. hxg5 Qxg5 29. Qh3 Nd5 30. Rg1 Qe3 31. Qxe3 Nxe3 32. Be4 Rxg1+ 33. Kxg1
Rc8 34. Kf2 Nc4 35. Bd3 Nb6 36. Kf3 Kg7 37. Rg1+ Kf8 38. Ke4 Nd5 39. c4 Nc3+
40. Kf5 Ke7 41. Rg2 Rd8 42. Rf2 Na4 43. Ke4 f6 44. Bf1 fxe5 45. Kxe5 Nb6 46.
Rh2 Rh8 47. c5 Nd7+ 48. Ke4 h5 49. Bh3 Nf6+ 50. Kf5 Rd8 51. Rb2 Rxd4 52. Rxb7+
Rd7 53. Rb8 Kf7 54. Bg2 Nd5 55. Kg5 Ke6 56. Bh3+ Ke7 57. Bxd7 Kxd7 58. Rb7+ Kc8
59. Rxa7 Kb8 60. Rf7 Nc3 61. Kxh5 Nxa2 62. Kg4 Nc3 63. Kf4 Na4 64. Rf5 Kb7 65.
Ke4 Ka6 66. Kd4 Nb2 67. Rf2 Na4 68. Kc4 Ka5 69. Ra2 1-0

[Event "Mercredi 2021.10.06 ABCD"]
[Site "Montreal CAN"]
[Date "2021.10.13"]
[Round "2"]
[White "Kapush, Oleksandr"]
[Black "Beaudry, Marc-Andre"]
[Result "1-0"]
[WhiteElo "2092"]
[BlackElo "2052"]
[PlyCount "67"]
[EventDate "2021.10.06"]
[EventType "tourn"]
[EventRounds "5"]
[EventCountry "CAN"]

1. e4 c5 2. Nf3 d6 3. c3 Nf6 4. Bd3 Bg4 5. h3 Bh5 6. Bc2 Nc6 7. d3 e6 8. Nbd2
d5 9. Qe2 Be7 10. Nf1 h6 11. Ng3 Bg6 12. O-O Qc7 13. Be3 O-O-O 14. e5 Nd7 15.
d4 Bxc2 16. Qxc2 cxd4 17. cxd4 Kb8 18. Bd2 Rc8 19. Qd3 Nb4 20. Bxb4 Bxb4 21.
Qe3 Nb6 22. Nh5 g6 23. Nf6 Nc4 24. Qe2 Be7 25. Ng4 Qb6 26. b3 Na3 27. Rac1 h5
28. Nf6 Qd8 29. Rxc8+ Kxc8 30. Qd2 a6 31. Rc1+ Kb8 32. Qf4 Nb5 33. Ng5 Bxf6 34.
Nxf7 1-0

[Event "Mercredi 2021.10.06 ABCD"]
[Site "Montreal CAN"]
[Date "2021.10.13"]
[Round "2"]
[White "Kyres, Andrew"]
[Black "Chapdelaine, Gwyn"]
[Result "0-1"]
[WhiteElo "1620"]
[BlackElo "1640"]
[PlyCount "86"]
[EventDate "2021.10.06"]
[EventType "tourn"]
[EventRounds "5"]
[EventCountry "CAN"]

1. d4 d5 2. c4 e6 3. Nf3 Nf6 4. Nc3 Nc6 5. Bg5 Be7 6. e3 h6 7. Bh4 O-O 8. Rc1
Re8 9. c5 a6 10. Nd2 e5 11. dxe5 Nxe5 12. b4 d4 13. exd4 Qxd4 14. Bg3 Bxc5 15.
Nde4 Qxb4 16. Nxf6+ gxf6 17. Be2 Bd4 18. Qd2 Bg4 19. Bxe5 Rxe5 20. f3 Bxc3 21.
Qxc3 Qb5 22. Qc4 Rae8 23. Qxb5 axb5 24. Rc2 Bf5 25. Rd2 c5 26. Kf2 c4 27. Rc1
Re3 28. g4 c3 29. Rxc3 Rxc3 30. gxf5 b4 31. Bd3 Ra3 32. Bc4 Rc3 33. Bb3 Ree3
34. Rd8+ Kg7 35. Rd7 Rxf3+ 36. Kg2 Rxf5 37. Rxf7+ Kg6 38. Rxb7 Rf4 39. h3 Rd4
40. Re7 Rd2+ 41. Kf1 Rc1+ 42. Re1 Rxe1+ 43. Kxe1 Rh2 0-1

[Event "Mercredi 2021.10.06 ABCD"]
[Site "Montreal CAN"]
[Date "2021.10.13"]
[Round "2"]
[White "Lima-Barbosa, Raphael"]
[Black "Dompierre, Remi"]
[Result "1-0"]
[WhiteElo "1703"]
[BlackElo "1684"]
[PlyCount "39"]
[EventDate "2021.10.06"]
[EventType "tourn"]
[EventRounds "5"]
[EventCountry "CAN"]

1. e4 e5 2. Nf3 Nf6 3. Nxe5 d6 4. Nf3 Nxe4 5. d4 d5 6. Bd3 Bd6 7. O-O O-O 8.
Nc3 Nxc3 9. bxc3 h6 10. h3 Be6 11. Rb1 b6 12. Re1 Qf6 13. Ne5 Nd7 14. Qh5 Bxe5
15. dxe5 g6 16. exf6 gxh5 17. Bxh6 Rfe8 18. Bg7 Nc5 19. Re5 Nxd3 20. Rxh5 1-0

[Event "Mercredi 2021.10.06 ABCD"]
[Site "Montreal CAN"]
[Date "2021.10.13"]
[Round "2"]
[White "Millette, Sylvain"]
[Black "Abderaouf, Sekki"]
[Result "1/2-1/2"]
[WhiteElo "1706"]
[BlackElo "1842"]
[PlyCount "77"]
[EventDate "2021.10.06"]
[EventType "tourn"]
[EventRounds "5"]
[EventCountry "CAN"]

1. Nf3 d6 2. e4 Nd7 3. Bc4 Ngf6 4. Bxf7+ Kxf7 5. Ng5+ Kg8 6. Ne6 Qe8 7. Nxc7
Qg6 8. O-O Rb8 9. d3 e5 10. f4 exf4 11. Bxf4 Nh5 12. Be3 Ne5 13. Bxa7 Bg4 14.
Qd2 Rc8 15. Nd5 Nf3+ 16. gxf3 Bxf3+ 17. Kf2 Rxc2 18. Kxf3 Rxd2 19. Nxd2 h6 20.
Bd4 Kh7 21. Rg1 Qe6 22. Ke2 Be7 23. Nf3 Bf6 24. Nxf6+ Nxf6 25. Rg2 Rg8 26. Rag1
g6 27. Nh4 g5 28. Nf5 Nxe4 29. Ne3 Nf6 30. Kd2 Rc8 31. h4 Rg8 32. hxg5 Rxg5 33.
Rxg5 hxg5 34. Rxg5 Nd7 35. Rg7+ Kh6 36. Ng4+ Kh5 37. Rxd7 Kxg4 38. Rxb7 Qxa2
39. Re7 1/2-1/2

[Event "Mercredi 2021.10.06 ABCD"]
[Site "Montreal CAN"]
[Date "2021.10.13"]
[Round "2"]
[White "Rodrigue-Lemieux, Shawn"]
[Black "Singher, Jean-Pierre"]
[Result "1-0"]
[WhiteElo "2398"]
[BlackElo "2097"]
[PlyCount "105"]
[EventDate "2021.10.06"]
[EventType "tourn"]
[EventRounds "5"]
[EventCountry "CAN"]

1. c4 c5 2. g3 g6 3. Bg2 Bg7 4. Nc3 Nc6 5. Nf3 d6 6. O-O e5 7. a3 a5 8. Ne1 Be6
9. d3 Nge7 10. Nc2 d5 11. cxd5 Nxd5 12. Ne3 Nb6 13. Na4 Nxa4 14. Bxc6+ bxc6 15.
Qxa4 O-O 16. Qxc6 Qd4 17. Nc2 Qd8 18. Bd2 c4 19. Bc3 cxd3 20. exd3 Qxd3 21. Ne3
Bb3 22. Rfe1 h5 23. Rac1 Rac8 24. Qb7 a4 25. Bb4 Rxc1 26. Rxc1 Rd8 27. Qe7 Qd7
28. Qh4 Rc8 29. Bc3 f5 30. Re1 e4 31. Bxg7 Qxg7 32. Qg5 Rf8 33. Rc1 Qf6 34.
Qxf6 Rxf6 35. Kf1 Rd6 36. Ke2 Kf7 37. Rc7+ Kf6 38. h4 Rb6 39. Ra7 Be6 40. Nd1
Bc4+ 41. Ke1 Rd6 42. Nc3 Bb3 43. Ra5 Rb6 44. Rxa4 Bxa4 45. Nd5+ Ke5 46. Nxb6
Bb3 47. Nd7+ Kd4 48. Kd2 g5 49. hxg5 f4 50. gxf4 h4 51. Nf6 Be6 52. g6 h3 53.
Nh5 1-0

[Event "Mercredi 2021.10.06 ABCD"]
[Site "Montreal CAN"]
[Date "2021.10.20"]
[Round "3"]
[White "Abderaouf, Sekki"]
[Black "Jean, Robert"]
[Result "1/2-1/2"]
[WhiteElo "1842"]
[BlackElo "1801"]
[PlyCount "67"]
[EventDate "2021.10.06"]
[EventType "tourn"]
[EventRounds "5"]
[EventCountry "CAN"]

1. d4 Nf6 2. c4 e6 3. Nf3 b6 4. g3 Ba6 5. Qc2 d5 6. cxd5 Nxd5 7. a3 Be7 8. Bg2
O-O 9. O-O h6 10. Rd1 Qc8 11. e4 Nf6 12. Bf4 c5 13. d5 exd5 14. exd5 Rd8 15. d6
Bf8 16. Nc3 Bb7 17. Rd2 Nbd7 18. Rad1 Bc6 19. Nh4 Bxg2 20. Nxg2 Qc6 21. h4 Nh5
22. Nd5 Kh8 23. Ne7 Qb7 24. Qc4 Nxf4 25. gxf4 Nf6 26. Qxf7 Qd7 27. Rd3 Qe8 28.
Qe6 Rd7 29. f5 Bxe7 30. dxe7 Rxe7 31. Qd6 Rd7 32. Qe6 Re7 33. Qd6 Rd7 34. Qe6
1/2-1/2

[Event "Mercredi 2021.10.06 ABCD"]
[Site "Montreal CAN"]
[Date "2021.10.20"]
[Round "3"]
[White "Adam, Rafael"]
[Black "Guipi Bopala, Prince Eric jr"]
[Result "0-1"]
[WhiteElo "1947"]
[BlackElo "1932"]
[PlyCount "66"]
[EventDate "2021.10.06"]
[EventType "tourn"]
[EventRounds "5"]
[EventCountry "CAN"]

1. d4 d5 2. c4 e6 3. Nf3 Nf6 4. g3 dxc4 5. Bg2 Nc6 6. O-O Rb8 7. Bg5 Be7 8. Nc3
b5 9. e3 O-O 10. a4 a6 11. axb5 axb5 12. Qe2 h6 13. Bxf6 Bxf6 14. Nd2 Nb4 15.
Nde4 Nd3 16. Nxf6+ Qxf6 17. Ra7 Qd8 18. Be4 c5 19. dxc5 Nxc5 20. Bf3 Qb6 21.
Raa1 Bb7 22. Bxb7 Qxb7 23. Ra5 Qc6 24. Rd1 Nd3 25. Rda1 b4 26. Nd1 Ra8 27. b3
Rxa5 28. Rxa5 Rd8 29. bxc4 Qxc4 30. Ra7 Qc1 31. Kg2 Ne5 32. f4 Rd2 33. Ra8+ Kh7
0-1

[Event "Mercredi 2021.10.06 ABCD"]
[Site "Montreal CAN"]
[Date "2021.10.20"]
[Round "3"]
[White "Beaudry, Marc-Andre"]
[Black "Johnson-Constantin, Mathieu"]
[Result "0-1"]
[WhiteElo "2052"]
[BlackElo "2072"]
[PlyCount "50"]
[EventDate "2021.10.06"]
[EventType "tourn"]
[EventRounds "5"]
[EventCountry "CAN"]

1. e4 Nf6 2. e5 Nd5 3. d4 d6 4. Nf3 Bg4 5. Be2 Nc6 6. c4 Nb6 7. exd6 exd6 8. b3
Be7 9. h3 Bh5 10. Be3 O-O 11. Nc3 Bf6 12. Rc1 d5 13. c5 Nc8 14. g4 Bg6 15. h4
Re8 16. g5 Be7 17. h5 Be4 18. Rg1 Bxf3 19. Bxf3 Bxg5 20. Nxd5 Bxe3 21. fxe3
Qh4+ 22. Kd2 N8e7 23. Qe1 Nxd4 24. Qxh4 Nxf3+ 25. Kc3 Nxd5+ 0-1

[Event "Mercredi 2021.10.06 ABCD"]
[Site "Montreal CAN"]
[Date "2021.10.20"]
[Round "3"]
[White "Beaulieu, Pierre"]
[Black "Barko, Maxim"]
[Result "1-0"]
[WhiteElo "1870"]
[BlackElo "1879"]
[PlyCount "135"]
[EventDate "2021.10.06"]
[EventType "tourn"]
[EventRounds "5"]
[EventCountry "CAN"]

1. Nf3 c5 2. e3 Nc6 3. b3 e5 4. d3 d5 5. Nbd2 Nf6 6. Bb2 Bd6 7. Be2 b6 8. O-O
O-O 9. Ne1 Re8 10. g3 Bh3 11. Ng2 Qe7 12. Bf3 Rad8 13. e4 d4 14. Be2 g5 15. Nf3
h6 16. Bc1 Nh7 17. Kh1 Bc8 18. Ng1 f5 19. f4 Rf8 20. exf5 Bxf5 21. Bf3 Qc7 22.
fxg5 Nxg5 23. Bxg5 hxg5 24. Bd5+ Kg7 25. Rxf5 Rxf5 26. Be4 Rf6 27. Qh5 Ne7 28.
Qxg5+ Kf7 29. Nh4 Rg8 30. Qh5+ Kf8 31. Nh3 Qd7 32. Ng5 Rg7 33. Nh7+ Rxh7 34.
Qxh7 Qg4 35. Qh8+ Kf7 36. Qh7+ Kf8 37. Re1 Ke8 38. Kg2 Qg5 39. Nf3 Qg4 40. Qh8+
Rf8 41. Qh4 Qg7 42. Qg5 Qxg5 43. Nxg5 Kd7 44. Rf1 Rg8 45. h4 Rg7 46. Rf7 Rg8
47. Bh7 Re8 48. Ne4 Kc7 49. Bg6 Kc6 50. Rf6 Rd8 51. h5 Kc7 52. Nxd6 Rxd6 53.
Rxd6 Kxd6 54. Bf7 Nf5 55. g4 Nh6 56. Bg6 Nxg4 57. Kf3 Nh6 58. Ke4 Ke6 59. a4 a5
60. Bh7 Kd6 61. Bf5 Ng8 62. Bg4 Nh6 63. Bh3 Ng8 64. Kf5 Ne7+ 65. Kf6 Nd5+ 66.
Kg7 Nf4 67. h6 Nh5+ 68. Kf7 1-0

[Event "Mercredi 2021.10.06 ABCD"]
[Site "Montreal CAN"]
[Date "2021.10.20"]
[Round "3"]
[White "Boudreau, Daniel"]
[Black "Gadbois, Patrick"]
[Result "0-1"]
[WhiteElo "2000"]
[BlackElo "1901"]
[PlyCount "72"]
[EventDate "2021.10.06"]
[EventType "tourn"]
[EventRounds "5"]
[EventCountry "CAN"]

1. e4 e6 2. d4 d5 3. e5 c5 4. c3 Nc6 5. Nf3 Qb6 6. Bd3 cxd4 7. cxd4 Bd7 8. O-O
Nxd4 9. Nc3 Nxf3+ 10. Qxf3 Ne7 11. Re1 Rc8 12. a4 a6 13. a5 Qd8 14. Be3 Bc6 15.
Bb6 Qd7 16. Rad1 Ng6 17. Qg4 Be7 18. g3 Bd8 19. h4 h5 20. Qd4 Bxb6 21. axb6 Ne7
22. Bb1 Bb5 23. Qe3 g6 24. Ne4 Kf8 25. Nf6 Qd8 26. Rc1 Rc6 27. Rxc6 Bxc6 28.
Rc1 Kg7 29. Bd3 d4 30. Qg5 Qxb6 31. Nxh5+ Rxh5 32. Qxe7 Rxe5 33. b4 Rd5 34. g4
Qd8 35. Qxd8 Rxd8 36. Bxa6 d3 0-1

[Event "Mercredi 2021.10.06 ABCD"]
[Site "Montreal CAN"]
[Date "2021.10.20"]
[Round "3"]
[White "Chapdelaine, Gwyn"]
[Black "Allaire, Denis"]
[Result "1/2-1/2"]
[WhiteElo "1640"]
[BlackElo "1637"]
[PlyCount "110"]
[EventDate "2021.10.06"]
[EventType "tourn"]
[EventRounds "5"]
[EventCountry "CAN"]

1. e4 g6 2. d4 Nf6 3. Nc3 d5 4. e5 Ne4 5. Bd3 Nxc3 6. bxc3 Bg7 7. Nf3 c5 8.
Bb5+ Bd7 9. Bxd7+ Nxd7 10. e6 fxe6 11. Ng5 Qb6 12. O-O cxd4 13. Re1 e5 14. cxd4
h6 15. Nh3 Qxd4 16. Qxd4 exd4 17. Ba3 e5 18. Nf4 Kf7 19. Rab1 b6 20. Rb5 exf4
21. Re7+ Kf6 22. Rxd7 Rhe8 23. h3 Bf8 24. Bxf8 Rxf8 25. Rbxd5 Rf7 26. R7d6+ Kg7
27. Rc6 Raf8 28. Rxd4 Rf6 29. Rcc4 b5 30. Rc5 a6 31. f3 R8f7 32. Kf2 Re7 33.
Rc8 g5 34. Rcd8 Rfe6 35. Rd2 Re3 36. R8d3 R7e6 37. g4 fxg3+ 38. Kxg3 Kf6 39.
Rxe3 Rxe3 40. Rd6+ Re6 41. Rd8 Rc6 42. Ra8 h5 43. h4 gxh4+ 44. Kxh4 Rc4+ 45.
Kxh5 Ra4 46. f4 Rxa2 47. Kg4 a5 48. Ra6+ Kf7 49. f5 Rxc2 50. Rxa5 b4 51. Rb5
Rc4+ 52. Kg5 Rd4 53. Rb7+ Kf8 54. f6 Rc4 55. Kg6 Rg4+ 1/2-1/2